Biblioteca

World of the spirits (Registro nro. 64521)

Detalles MARC
000 -LÍDER
Campo fijo de descripción fija 01837nam a22003614i 4500
001 - NÚMERO DE CONTROL
Campo de control 14367038
003 - IDENTIFICADOR DEL NÚMERO DE CONTROL
Campo de control CO-MdFUSB
005 - FECHA Y HORA DE LA ULTIMA TRANSACCIÓN
control field 20190423063611.0
008 - ELEMENTOS DE LONGITUD FIJA -- INFORMACIÓN GENERAL
Campo fijo de descripción fija -- Información general 060412s2006 enk 000 0 eng
010 ## - NÚMERO DE CONTROL DE LA BIBLIOTECA DEL CONGRESO
Número de control LC 2006462932
020 ## - NÚMERO INTERNACIONAL NORMALIZADO PARA LIBROS
Número Internacional Normalizado del libro 1854247425
040 ## - FUENTE DE CATALOGACIÓN
Agencia de catalogación original DLC
Idioma de catalogación spa
Agencia que realiza la transcripción CO-MdFUSB
Agencia que realiza la modificación CO-MdFUSBC
Convenciones de la descripción rda
041 ## - CÓDIGO DE IDIOMA
Código de idioma para texto/pista de sonido o título separado eng
042 ## - AUTHENTICATION CODE
Authentication code pcc
082 ## - NÚMERO DE CLASIFICACIÓN DECIMAL DEWEY
Número de la edición del Dewey 23
Número de clasificación 291.21
Clave de autor-Numero de item B964
100 1# - ASIENTO PRINCIPAL--NOMBRE PERSONAL
Nombre personal Burnett, David,
Fechas asociadas con el nombre 1943-
Término relacionador autor
245 10 - TÍTULO
Título del Material World of the spirits
Parte restante del título - Subtitulo : a Christian perspective on traditional and folk religions
Mención de responsabilidad, etc. / David Burnett.
264 #1 - PRODUCCIÓN, PUBLICACIÓN, DISTRIBUCIÓN, MANUFACTURA, Y COPYRIGHT
Lugar de producción, publicación, distribución, manufactura Oxford, Inglaterra :
Nombre del productor, publicador, distribuidor Monarch Books,
Fecha de producción, publicación, distribución, manufactura, o copyright ℗2005
264 #4 - PRODUCCIÓN, PUBLICACIÓN, DISTRIBUCIÓN, MANUFACTURA, Y COPYRIGHT
Fecha de producción, publicación, distribución, manufactura, o copyright ©2000
300 ## - DESCRIPCIÓN FÍSICA
Extensión 287 páginas ;
Dimensiones 22 cm.
336 ## - TIPO DE CONTENIDO
Fuente rdacontent
Término de tipo de contenido texto
Código de tipo de contenido txt
337 ## - TIPO DE MEDIO
Fuente rdamedia
Nombre del tipo de medio sin mediación
Código del tipo de medio n
338 ## - TIPO DE SOPORTE
Fuente rdacarrier
Nombre del tipo de soporte volumen
Código Tipo de soporte nc
504 ## - NOTA DE BIBLIOGRAFÍA, ETC.
Nota de bibliografía, etc Incluye bibliografía (página 272)<br/>Incluye Indice (página 285)
505 ## - NOTA DE CONTENIDO
Nota de contenido con formato preestablecido Prefacio -- Capitulo 1. Extraños en el extranjero -- Capitulo 2. Dios y los espíritus -- Capitulo 3. Naturaleza humana -- Capitulo 4. Fantasmas y antepasados -- Capitulo 5. Cosas prohibidas -- Capitulo 6. Rituales para vivir -- Capitulo 7. Adivinación en un mundo cambiante -- Capitulo 8. Brujería -- Capitulo 9. Hechicería y Magia -- Capitulo 10. Posesión de espíritus -- Capítulo 11.Chamanismo: guerreros curanderos -- Capitulo 12. Las cosas se desmoronan -- Capitulo 13. Conversión religiosa -- Capitulo 14. Sincretismo religiosos -- Capitulo 15. Religión esclava: movimiento de religiones afro-americanas -- Capitulo 16. Sueños de esperanza: movimientos de esperanza
563 ## - NOTA DE ENCUADERNACIÓN
Nota de encuadernación Tapa rústica
650 #0 - ASIENTO SECUNDARIO DE MATERIA - TERMINO TEMÁTICO
Término temático o nombre geográfico como elemento de entrada Cristianismo y otras religiones
9 (RLIN) 1247
906 ## - LOCAL DATA ELEMENT F, LDF (RLIN)
a 0
b ibc
c origres
d 2
e ncip
f 20
g y-gencatlg
942 ## - TIPO DE MATERIAL (KOHA)
Tipo de Item KOHA Libros General
Existencias
Estado de Material Estado de Perdido Forma de Clasificación Estado de Dañado No para Préstamo Colección Biblioteca de Origen Biblioteca Permanente Fecha de Adquisición Total de Préstamos Signatura Topográfica Código de Barras Última vez visto Ejemplar/Existencia Fecha de Remplazo Tipo de Material
    Dewey Decimal Classification     Colección General Biblioteca FUSBC Biblioteca FUSBC 10/09/2018   G 291.21 B964w 146 12/12/2019 Ej. 1 10/09/2018 Libros General

Biblioteca FUSBC | Teléfono: (57+4) 349 88 10 Ext. 141| WhatsApp (+57) 3005338115 
E-mail: biblioteca@unisbc.edu.co | Calle 76 87-14 Robledo Palenque, Medellín, Colombia

Con tecnología Koha